Una pedagogía de las oportunidades: nuevas ventanas para los párvulos latinoamericanos del siglo XXI
I tiakina i:
| Kaituhi matua: | |
|---|---|
| Hōputu: | Pukapuka |
| Reo: | Pāniora |
| I whakaputaina: |
Santiago
Andrés Bello
2007
|
| Putanga: | 2a. ed |
| Ngā marau: | |
| Ngā Tūtohu: |
Tāpirihia he Tūtohu
Kāore He Tūtohu, Me noho koe te mea tuatahi ki te tūtohu i tēnei pūkete!
|
MARC
| LEADER | 00000cam a2200000 a 4500 | ||
|---|---|---|---|
| 001 | UCH0499 | ||
| 003 | CL-VaPUC | ||
| 008 | 090312e20070000CL |||||||||||||||||spa|d | ||
| 020 | |a 9789561317710 | ||
| 082 | 0 | 4 | |a 372.21 |b PER |2 21 |
| 100 | 0 | |a Peralta Espinosa, María Victoria |e author |9 534682 | |
| 245 | 1 | 4 | |a Una pedagogía de las oportunidades: nuevas ventanas para los párvulos latinoamericanos del siglo XXI |
| 250 | |a 2a. ed | ||
| 300 | |a 305 p | ||
| 942 | |c BK | ||
| 945 | |d 20090312 00:00:00 |a cmena | ||
| 260 | |a Santiago |b Andrés Bello |c 2007 | ||
| 650 | 0 | |a Educación preescolar |9 260381 | |
| 650 | 0 | |a Métodos de enseñanza |9 270413 | |
| 650 | 0 | |a Planificación del currículo |9 269599 | |
| 650 | 0 | |a Innovaciones pedagógicas |9 307471 | |
| 583 | |a last modification |c 20180828 02:50:33 |k Rodrigo Vera | ||
| 999 | |c 332795 |d 332793 | ||
| 952 | |0 0 |1 0 |4 0 |6 372_210000000000000_PER_2007 |7 0 |8 R |9 420733 |a BIBEDU |b BIBEDU |d 2019-11-22 |i 4502132 |o 372.21 PER 2007 |p 4502132 |r 2023-01-13 |w 2019-11-22 |y BK_R |k PAR | ||